Hypnotisme et suggestion, hysterie, psychothérapie, neurasthénie, psychothérapie / (Record no. 32285)

MARC details
000 -LEADER
campo de control de longitud fija 00593nam a2200181 i 4500
001 - NÚMERO DE CONTROL
campo de control 32285
003 - IDENTIFICADOR DE NÚMERO DE CONTROL
campo de control ES-MaACL
005 - FECHA Y HORA DE LA ÚLTIMA TRANSACCIÓN
campo de control 20251015063048.0
007 - CAMPO FIJO DE DESCRIPCIÓN FÍSICA--INFORMACIÓN GENERAL
campo de control de longitud fija t|
008 - DATOS DE LONGITUD FIJA--INFORMACIÓN GENERAL
campo de control de longitud fija 030130s1910 fr ||||1| fre d
100 1# - ENTRADA PRINCIPAL--NOMBRE DE PERSONA
Nombre de persona Bernheim, Hippolyte,
Fechas asociadas al nombre 1837-1919
9 (RLIN) 125950
245 10 - MENCIÓN DEL TÍTULO
Título Hypnotisme et suggestion, hysterie, psychothérapie, neurasthénie, psychothérapie /
Mención de responsabilidad, etc. Hippolite Bernheim.
250 ## - MENCION DE EDICION
Mención de edición 3eme ed. rev. corr. et aug.
260 ## - PUBLICACIÓN, DISTRIBUCIÓN, ETC.
Lugar de publicación, distribución, etc. Paris :
Nombre del editor, distribuidor, etc. Octave Doin,
Fecha de publicación, distribución, etc. 1910 (
Fabricante Chartres-Durand)
300 ## - DESCRIPCIÓN FÍSICA
Extensión XL, 755 p. ;
Dimensiones 23 cm.
852 ## - LOCALIZACIÓN
Ubicación ES-MaACL
Número de control de estantería F-13320
Holdings
Estatus retirado Estado de pérdida Estado de daño No para préstamo Biblioteca de origen Biblioteca actual Ubicación en estantería Fecha de adquisición Fuente de adquisición Total de préstamos Signatura topográfica completa Código de barras Visto por última vez Precio de reemplazo Tipo de ítem Koha
        Biblioteca del Ateneo de Madrid Biblioteca del Ateneo de Madrid Sala Pecera Planta 2 17/01/2008     F-13320 1033431 23/02/2023 23/02/2023 Libro impreso